Modern concept of guidance and counselling / (Record no. 150616)

MARC details
000 -LEADER
fixed length control field 00602nam a22001937a 4500
005 - DATE AND TIME OF LATEST TRANSACTION
control field 20230703173034.0
010 ## - LCCN (DPL NO)
LC control number ENG-122434 ENG-137253
020 ## - INTERNATIONAL STANDARD BOOK NUMBER
Terms of availability 795.00
International Standard Book Number 9788171395132
035 ## - SYSTEM CONTROL NUMBER
System control number EN-105966 EN-120785
037 ## - SOURCE OF ACQUISITION
Source of stock number/acquisition DBAD/PUB
082 ## - DEWEY DECIMAL CLASSIFICATION NUMBER
Classification number 371.4
100 ## - MAIN ENTRY--PERSONAL NAME
Personal name Shah,Alam
245 ## - TITLE STATEMENT
Title Modern concept of guidance and counselling /
Statement of responsibility, etc by Shah Alam
Remainder of title
260 ## - PUBLICATION, DISTRIBUTION, ETC. (IMPRINT)
Place of publication, distribution, etc New Delhi
Name of publisher, distributor, etc Jnanada Prakashan (P&D)
Date of publication, distribution, etc 2012
270 ## - ADDRESS
City New Delhi
Address 4837/2, Ansari Road, Darya Ganj,
Postal code 110002
300 ## - PHYSICAL DESCRIPTION
Extent 326p.
Dimensions 22cm.(Hb)
Other physical details ill.
500 ## - GENERAL NOTE
General note Include index
942 ## - ADDED ENTRY ELEMENTS (KOHA)
Source of classification or shelving scheme Dewey Decimal Classification
Item type English Books
Call number suffix SHA
Classification part 371.4
Holdings
Withdrawn status Lost status Not for loan Collection code Home library Current library Date acquired Source of acquisition Cost, normal purchase price Full call number Barcode Copy number Cost, replacement price Koha item type
      Non-fiction Bawana Bawana 03/07/2023 DBAD/PUB 795.00 371.4 SHA EN-120785 1 795.00 English Books
    Not For Loan Non-fiction D.B.Act.Division D.B.Act.Division 28/03/2018 DBAD/PUB 795.00 371.4 SHA EN-105966 1 795.00 English Books

© Delhi Public Library
Hit Counter
free hit counter